<?xml version="1.0" encoding="UTF-8"?>
<record
    xmlns:xsi="http://www.w3.org/2001/XMLSchema-instance"
    xsi:schemaLocation="http://www.loc.gov/MARC21/slim http://www.loc.gov/standards/marcxml/schema/MARC21slim.xsd"
    xmlns="http://www.loc.gov/MARC21/slim">

  <leader>00902nam a2200265   4500</leader>
  <controlfield tag="001">806411</controlfield>
  <controlfield tag="003">AUA.1</controlfield>
  <controlfield tag="005">20140731124821.0</controlfield>
  <controlfield tag="008">740124s1973    txu      b    000 0beng  </controlfield>
  <datafield tag="010" ind1=" " ind2=" ">
    <subfield code="a">78188068</subfield>
  </datafield>
  <datafield tag="040" ind1=" " ind2=" ">
    <subfield code="a">DLC</subfield>
    <subfield code="c">DLC</subfield>
    <subfield code="d">m.c</subfield>
  </datafield>
  <datafield tag="049" ind1=" " ind2=" ">
    <subfield code="a">EXNs</subfield>
    <subfield code="c">1</subfield>
  </datafield>
  <datafield tag="082" ind1=" " ind2=" ">
    <subfield code="a">230/.092/4</subfield>
    <subfield code="a">B</subfield>
  </datafield>
  <datafield tag="090" ind1=" " ind2=" ">
    <subfield code="a">BX4827.P3</subfield>
    <subfield code="b">O44</subfield>
  </datafield>
  <datafield tag="100" ind1="1" ind2=" ">
    <subfield code="a">Olive, Don H.</subfield>
    <subfield code="9">45954</subfield>
  </datafield>
  <datafield tag="245" ind1="1" ind2="0">
    <subfield code="a">Wolfhart Pannenberg /</subfield>
    <subfield code="c">[by] Don H. Olive.</subfield>
  </datafield>
  <datafield tag="260" ind1=" " ind2=" ">
    <subfield code="a">Waco, Tex.,</subfield>
    <subfield code="b">Word Books</subfield>
    <subfield code="c">[1973]</subfield>
  </datafield>
  <datafield tag="300" ind1=" " ind2=" ">
    <subfield code="a">120 p.</subfield>
    <subfield code="c">23 cm.</subfield>
  </datafield>
  <datafield tag="350" ind1=" " ind2=" ">
    <subfield code="a">$4.95.</subfield>
  </datafield>
  <datafield tag="490" ind1="0" ind2=" ">
    <subfield code="a">Makers of the modern theological mind.</subfield>
  </datafield>
  <datafield tag="504" ind1=" " ind2=" ">
    <subfield code="a">Bibliography: p. 117-120.</subfield>
  </datafield>
  <datafield tag="600" ind1="1" ind2="0">
    <subfield code="a">Pannenberg, Wolfhart,</subfield>
    <subfield code="d">1928-</subfield>
    <subfield code="9">45955</subfield>
  </datafield>
  <datafield tag="942" ind1=" " ind2=" ">
    <subfield code="2">lcc</subfield>
    <subfield code="c">BOOK</subfield>
    <subfield code="h">BX 4827.P3</subfield>
    <subfield code="i">O44 1973</subfield>
  </datafield>
  <datafield tag="999" ind1=" " ind2=" ">
    <subfield code="c">12986</subfield>
    <subfield code="d">12986</subfield>
  </datafield>
  <datafield tag="952" ind1=" " ind2=" ">
    <subfield code="0">0</subfield>
    <subfield code="1">0</subfield>
    <subfield code="2">lcc</subfield>
    <subfield code="4">0</subfield>
    <subfield code="7">0</subfield>
    <subfield code="8">Books</subfield>
    <subfield code="a">AUA.1</subfield>
    <subfield code="b">AUA.1</subfield>
    <subfield code="c">GS</subfield>
    <subfield code="d">2014-07-31</subfield>
    <subfield code="e">Donation, Theological Book Network</subfield>
    <subfield code="g">10.00</subfield>
    <subfield code="h">AUA015937</subfield>
    <subfield code="o">BX 4827 .P3 O44 1973</subfield>
    <subfield code="p">AUA015937</subfield>
    <subfield code="r">2014-07-31 00:00:00</subfield>
    <subfield code="v">10.00</subfield>
    <subfield code="w">2014-07-31</subfield>
    <subfield code="y">BOOK</subfield>
  </datafield>
  <datafield tag="952" ind1=" " ind2=" ">
    <subfield code="0">0</subfield>
    <subfield code="1">0</subfield>
    <subfield code="2">lcc</subfield>
    <subfield code="4">0</subfield>
    <subfield code="7">0</subfield>
    <subfield code="8">Books</subfield>
    <subfield code="a">AUA.1</subfield>
    <subfield code="b">AUA.1</subfield>
    <subfield code="c">GS</subfield>
    <subfield code="d">2024-02-21</subfield>
    <subfield code="e">Donation, Theological Book Network</subfield>
    <subfield code="g">15.00</subfield>
    <subfield code="h">AUA27081</subfield>
    <subfield code="l">0</subfield>
    <subfield code="o">BX 4827 .P3 O44 1973</subfield>
    <subfield code="p">AUA27081</subfield>
    <subfield code="r">2024-02-21 15:09:12</subfield>
    <subfield code="t">2</subfield>
    <subfield code="v">15.00</subfield>
    <subfield code="w">2024-02-21</subfield>
    <subfield code="y">BOOK</subfield>
  </datafield>
</record>
